Kierkegaard for Beginners (Record no. 13991)

MARC details
000 -LEADER
fixed length control field 00562nam a2200229 a 4500
020 ## - INTERNATIONAL STANDARD BOOK NUMBER
ISBN 8125031693
082 00 - DEWEY DECIMAL CLASSIFICATION NUMBER
Classification number 190
Author Cutter PAL
100 ## - MAIN ENTRY--AUTHOR NAME
Author name Palmer, Donald D
245 ## - TITLE STATEMENT
Title Kierkegaard for Beginners
260 ## - PUBLICATION, DISTRIBUTION, ETC. (IMPRINT)
Place of publication New Delhi
Name of publisher Orient Blackswan
Year of publication 2007
300 ## - PHYSICAL DESCRIPTION
Number of Pages 150p
500 ## - GENERAL NOTE
General note includes index and biblioraphy
650 ## - SUBJECT ADDED ENTRY--TOPICAL TERM
Topical Term Philosophy
942 ## - ADDED ENTRY ELEMENTS (KOHA)
Koha item type Books
700 1# -
-- Palmer, Donald D
Holdings
Collection code Home library Current library Date acquired Cost, normal purchase price Full call number Accession Number Koha item type
  Henry Martyn Institute Library Henry Martyn Institute Library 06/23/2010 185.00 190 PAL 023179 Books
                   Copyright © 2026 | Henry Martyn Institute | Hyderabad | TS-500052 | INDIA | Implemented by hmi.edu.in
Hit-Count:

Powered by Koha